000 00705nam a2200277Ia 4500
001 12203
005 20240113235346.0
007 ta
008 051006s1964 a g b000 u eng u
020 _cPB
040 _aCotton College,Assam
041 _aeng
082 _a934
_bR 615 G
100 _aRodes, John E. .
245 0 _aGermany: A History /
_cJohn E. Rodes.
_hTextual Documents
250 _a1st ed. /
260 _aNew York :
_bHolt, Rinehart and Winston ,
_c1964.
300 _a703p. :
_bill. ;
_c23cm .
504 _aIndex
653 _aHistory-Germany
653 _aGermany History
653 _aG-History
942 _2ddc
_cBK
999 _c12190
_d12190